[Event "4NCL Division Three Bishops"]
[Site "Telford, ENG"]
[Date "2023.11.18"]
[Round "1.15"]
[White "Jaszkiwskyj, Peter"]
[Black "Jones, Mark A"]
[Result "1/2-1/2"]
[WhiteElo "1871"]
[BlackElo "1756"]
[PlyCount "90"]
[EventDate "2023.11.18"]
[WhiteTeam "The Rookies"]
[BlackTeam "Brown Jack"]

1. d4 d5 2. Nf3 Nf6 3. c4 c6 4. Nc3 dxc4 5. a4 Bf5 6. e3 e6 7. Bxc4 Bb4 8. O-O
O-O 9. Qe2 Bg4 10. Rd1 Qa5 11. Bd2 Qh5 12. Rac1 Nbd7 13. h3 Bxf3 14. Qxf3 Qxf3
15. gxf3 Rfd8 16. Bb3 Rac8 17. e4 e5 18. Be3 exd4 19. Bxd4 Bc5 20. Bxf6 Nxf6
21. e5 Nh5 22. Ne4 Be7 23. e6 Nf4 24. exf7+ Kf8 25. Kf1 Nd3 26. Rc2 Ne5 27.
Rcd2 Nxf3 28. Rxd8+ Rxd8 29. Rxd8+ Bxd8 30. Nc5 Nd2+ 31. Ke2 Nxb3 32. Ne6+ Kxf7
33. Nxd8+ Ke7 34. Nxb7 Nd4+ 35. Kd3 Ne6 36. Ke3 g5 37. Na5 Kd6 38. Nc4+ Kd5 39.
b3 Nd4 40. Nd2 h6 41. f4 Nf5+ 42. Kf3 Nd4+ 43. Kg4 gxf4 44. Kxf4 c5 45. Kg4 Ne6
1/2-1/2

[Event "4NCL Division Three Bishops"]
[Site "Telford, ENG"]
[Date "2023.11.18"]
[Round "1.16"]
[White "Headlong, Fenella"]
[Black "Gibson, Christopher A"]
[Result "1/2-1/2"]
[WhiteElo "1774"]
[BlackElo "1913"]
[PlyCount "47"]
[EventDate "2023.11.18"]
[WhiteTeam "Brown Jack"]
[BlackTeam "The Rookies"]

1. e4 c5 2. c3 Nf6 3. e5 Nd5 4. d4 cxd4 5. cxd4 e6 6. Nf3 d6 7. a3 Be7 8. Bd3
O-O 9. O-O b6 10. Qe2 Bb7 11. Bd2 Nc6 12. Qe4 g6 13. Bh6 Re8 14. Nbd2 Nc7 15.
Qe3 dxe5 16. dxe5 Nd5 17. Qe4 Nc7 18. Qe2 Nd4 19. Nxd4 Qxd4 20. Nf3 Bxf3 21.
Qxf3 Qxe5 22. Bf4 Qxb2 23. Bxc7 Rac8 24. Rfb1 1/2-1/2

[Event "4NCL Division Three Bishops"]
[Site "Telford, ENG"]
[Date "2023.11.18"]
[Round "1.21"]
[White "Blades, Kit"]
[Black "Eden, Tomer"]
[Result "0-1"]
[WhiteElo "1923"]
[BlackElo "2163"]
[PlyCount "54"]
[EventDate "2023.11.18"]
[WhiteTeam "Sussex Martlets 3"]
[BlackTeam "Barnet Knights B"]

1. e4 c5 2. c3 Nf6 3. e5 Nd5 4. d4 cxd4 5. Nf3 d6 6. cxd4 Nc6 7. Bc4 Nb6 8. Bb3
dxe5 9. d5 Na5 10. Nc3 Nxb3 11. Qxb3 e6 12. Nxe5 Be7 13. Qb5+ Kf8 14. Be3 Nxd5
15. Rd1 Qe8 16. Qxe8+ Kxe8 17. Nb5 a6 18. Rxd5 axb5 19. Rxb5 f6 20. Nc4 Rxa2
21. Ke2 Kf7 22. Rc1 Rd8 23. Rd1 Rxd1 24. Kxd1 e5 25. Kc2 Ra6 26. Kd2 Be6 27.
Na5 Rxa5 0-1

[Event "4NCL Division Three Bishops"]
[Site "Telford, ENG"]
[Date "2023.11.18"]
[Round "1.22"]
[White "Dasgupta, Avyukt"]
[Black "Rastogi, Nayan Keats"]
[Result "1/2-1/2"]
[WhiteElo "2046"]
[BlackElo "1778"]
[PlyCount "67"]
[EventDate "2023.11.18"]
[WhiteTeam "Barnet Knights B"]
[BlackTeam "Sussex Martlets 3"]

1. d4 Nf6 2. Bg5 d5 3. e3 e6 4. Nf3 c5 5. Nbd2 Nc6 6. c3 Be7 7. Bd3 O-O 8. Qc2
h6 9. Bh4 b6 10. h3 a5 11. O-O Ba6 12. Rfe1 Bxd3 13. Qxd3 Qc7 14. Rad1 Nd7 15.
Bg3 Bd6 16. Bxd6 Qxd6 17. e4 cxd4 18. Nxd4 Nc5 19. Qf3 Nxd4 20. cxd4 Nxe4 21.
Nxe4 dxe4 22. Rxe4 Rad8 23. Rg4 Qd5 24. Qf6 g6 25. Rd3 Qf5 26. Qxf5 exf5 27.
Rgg3 Rd5 28. Rd2 Rfd8 29. Rgd3 b5 30. f4 Kg7 31. Kf2 Kf6 32. Kf3 R8d6 33. g4 g5
34. a3 1/2-1/2

[Event "4NCL Division Three Bishops"]
[Site "Telford, ENG"]
[Date "2023.11.18"]
[Round "1.23"]
[White "Michaud, Gerald"]
[Black "Sanitt, Ethan"]
[Result "0-1"]
[WhiteElo "1845"]
[BlackElo "2088"]
[PlyCount "56"]
[EventDate "2023.11.18"]
[WhiteTeam "Sussex Martlets 3"]
[BlackTeam "Barnet Knights B"]

1. d4 Nf6 2. Nf3 c5 3. d5 b5 4. c4 b4 5. Qc2 g6 6. b3 d6 7. e4 Nxe4 8. Bb2 Nf6
9. Bxf6 exf6 10. Nbd2 Qe7+ 11. Qe4 Qxe4+ 12. Nxe4 f5 13. Ned2 Bg7 14. O-O-O O-O
15. g3 a5 16. Bd3 a4 17. Nh4 axb3 18. axb3 Nd7 19. f4 Nf6 20. Rhe1 Ng4 21. Re2
Ra1+ 22. Nb1 Bd7 23. Rde1 Bc3 24. Rf1 Rfa8 25. h3 Nf6 26. Rf3 Ne4 27. Bxe4 fxe4
28. Rxe4 Bf6 0-1

[Event "4NCL Division Three Bishops"]
[Site "Telford, ENG"]
[Date "2023.11.18"]
[Round "1.24"]
[White "Ethelontis, Alexandros N"]
[Black "Wannasin Bell, Charlie"]
[Result "1-0"]
[WhiteElo "2060"]
[BlackElo "1575"]
[PlyCount "35"]
[EventDate "2023.11.18"]
[WhiteTeam "Barnet Knights B"]
[BlackTeam "Sussex Martlets 3"]

1. c4 f5 2. g3 d6 3. Bg2 e5 4. d4 e4 5. Nc3 Be7 6. f3 Nf6 7. fxe4 Nc6 8. exf5
Bxf5 9. e4 Bg6 10. Nge2 O-O 11. O-O Qd7 12. Nf4 Bf7 13. Bh3 Qe8 14. Ne6 Bxe6
15. Bxe6+ Kh8 16. Bf5 h6 17. Bf4 Rd8 18. Nb5 1-0

[Event "4NCL Division Three Bishops"]
[Site "Telford, ENG"]
[Date "2023.11.18"]
[Round "1.25"]
[White "Woods, Timothy J"]
[Black "Robinson, James"]
[Result "1/2-1/2"]
[WhiteElo "1533"]
[BlackElo "1867"]
[PlyCount "47"]
[EventDate "2023.11.18"]
[WhiteTeam "Sussex Martlets 3"]
[BlackTeam "Barnet Knights B"]

1. e4 e5 2. Bc4 Nf6 3. d3 c6 4. Nf3 Be7 5. O-O d6 6. Bb3 Bg4 7. Re1 O-O 8. Nbd2
Nbd7 9. a4 h6 10. Nf1 Nh7 11. h3 Bh5 12. Ng3 Bg6 13. c3 Ng5 14. Nxg5 Bxg5 15.
Qf3 Qf6 16. Qxf6 Bxf6 17. Bc2 Nc5 18. b4 Ne6 19. Nf5 Rad8 20. Be3 a6 21. Reb1
Bg5 22. Bxg5 hxg5 23. Ne7+ Kh7 24. Nxg6 1/2-1/2

[Event "4NCL Division Three Bishops"]
[Site "Telford, ENG"]
[Date "2023.11.18"]
[Round "1.26"]
[White "Bloom, Paul"]
[Black "Finlay, Liam"]
[Result "1/2-1/2"]
[WhiteElo "1750"]
[BlackElo "1443"]
[PlyCount "55"]
[EventDate "2023.11.18"]
[WhiteTeam "Barnet Knights B"]
[BlackTeam "Sussex Martlets 3"]

1. e4 c5 2. Be2 Nc6 3. f4 g6 4. Nf3 Bg7 5. c3 d5 6. d3 e6 7. O-O Nge7 8. Na3
O-O 9. Qe1 d4 10. c4 a6 11. Qh4 Bd7 12. Ng5 h6 13. Nh3 Nc8 14. Qg3 Bf6 15. Qf3
h5 16. g4 hxg4 17. Qxg4 e5 18. f5 Kh8 19. Bg5 Kg7 20. Qg2 Rh8 21. Bxf6+ Qxf6
22. Rf3 N8e7 23. fxg6 Bxh3 24. Rxh3 Rxh3 25. Qxh3 Nxg6 26. Rf1 Qg5+ 27. Kh1 Nf4
28. Qf3 1/2-1/2

[Event "4NCL Division Three Bishops"]
[Site "Telford, ENG"]
[Date "2023.11.18"]
[Round "1.31"]
[White "Paterson, Andrew I"]
[Black "Kanyamarala, Tarun"]
[Result "1/2-1/2"]
[WhiteElo "2108"]
[BlackElo "2312"]
[PlyCount "88"]
[EventDate "2023.11.18"]
[WhiteTeam "Warwickshire Select 2"]
[BlackTeam "Greater Woodpushers"]

1. c4 e5 2. g3 Nf6 3. Bg2 d5 4. cxd5 Nxd5 5. Nc3 Nb6 6. Nf3 Nc6 7. O-O Be7 8.
a3 O-O 9. b4 Re8 10. b5 Nd4 11. Nxe5 Bf6 12. f4 Bxe5 13. fxe5 Rxe5 14. e3 Nxb5
15. Nxb5 Rxb5 16. a4 Ra5 17. Bb2 c6 18. Qc2 Qe7 19. Rf4 Nd5 20. Rh4 h6 21. Rf1
Qg5 22. Re4 Be6 23. Re5 Qe7 24. Bh3 Qc5 25. Qxc5 Rxc5 26. Bxe6 fxe6 27. Rxe6
Rc2 28. Be5 Rd8 29. e4 Nb6 30. Re7 Rd7 31. Rff7 Rxe7 32. Rxe7 g5 33. Rxb7 Nxa4
34. Rxa7 Nc5 35. d4 Nxe4 36. h4 Re2 37. hxg5 hxg5 38. Rc7 Rc2 39. d5 Rc5 40. d6
Rxe5 41. d7 Rd5 42. Rc8+ Kf7 43. d8=Q Rxd8 44. Rxd8 Nxg3 1/2-1/2

[Event "4NCL Division Three Bishops"]
[Site "Telford, ENG"]
[Date "2023.11.18"]
[Round "1.32"]
[White "Rawlinson, Aidan M"]
[Black "Sandhu, Manvith"]
[Result "1/2-1/2"]
[WhiteElo "2198"]
[BlackElo "2031"]
[PlyCount "32"]
[EventDate "2023.11.18"]
[WhiteTeam "Greater Woodpushers"]
[BlackTeam "Warwickshire Select 2"]

1. d4 d5 2. c4 c6 3. Nf3 Nf6 4. e3 e6 5. b3 Nbd7 6. Bb2 Bd6 7. Bd3 b6 8. O-O
Bb7 9. Ne5 O-O 10. Nd2 c5 11. f4 Ne4 12. cxd5 Nxd2 13. Qxd2 Bxd5 14. Kh1 Nxe5
15. fxe5 Be7 16. Rad1 cxd4 1/2-1/2

[Event "4NCL Division Three Bishops"]
[Site "Telford, ENG"]
[Date "2023.11.18"]
[Round "1.33"]
[White "Pal, Rohan"]
[Black "Smith, Alan A"]
[Result "1/2-1/2"]
[WhiteElo "2061"]
[BlackElo "2179"]
[PlyCount "53"]
[EventDate "2023.11.18"]
[WhiteTeam "Warwickshire Select 2"]
[BlackTeam "Greater Woodpushers"]

1. e4 b6 2. d4 Bb7 3. Bd3 e6 4. Nf3 c5 5. c3 Nf6 6. Qe2 Be7 7. O-O Nc6 8. dxc5
bxc5 9. e5 Nd5 10. c4 Ndb4 11. Be4 f5 12. exf6 Bxf6 13. a3 Na6 14. Ng5 Nd4 15.
Qh5+ g6 16. Qg4 Qc7 17. Bxb7 Qxb7 18. Nxh7 Rxh7 19. Qxg6+ Rf7 20. Nc3 d6 21.
Ne4 O-O-O 22. Nxf6 Nf3+ 23. Kh1 Ne5 24. Qe4 Rxf6 25. Qxb7+ Kxb7 26. Bg5 Rdf8
27. Bxf6 1/2-1/2

[Event "4NCL Division Three Bishops"]
[Site "Telford, ENG"]
[Date "2023.11.18"]
[Round "1.34"]
[White "Norris, Ethan"]
[Black "Dicen, Imogen"]
[Result "1-0"]
[WhiteElo "2204"]
[BlackElo "1984"]
[PlyCount "99"]
[EventDate "2023.11.18"]
[WhiteTeam "Greater Woodpushers"]
[BlackTeam "Warwickshire Select 2"]

1. e4 c5 2. Nf3 Nc6 3. d4 cxd4 4. Nxd4 g6 5. Be3 Bg7 6. Nc3 d6 7. Qd2 Nf6 8. f3
O-O 9. O-O-O a6 10. g4 Nxd4 11. Bxd4 b5 12. g5 Ne8 13. h4 e5 14. Be3 Be6 15.
Nd5 f6 16. h5 f5 17. hxg6 hxg6 18. Bh3 Rb8 19. Kb1 Qd7 20. Qa5 Bxd5 21. Rxd5
Nc7 22. Rd3 Rf7 23. Qd2 Ne8 24. Qh2 Qd8 25. Bd2 Kf8 26. exf5 gxf5 27. g6 Rf6
28. Bg5 Qc8 29. Bxf6 Bxf6 30. Qd2 Ke7 31. Rd1 Rb6 32. Rc3 Qe6 33. Qe3 Rb7 34.
Ra3 Nc7 35. Qh6 Ne8 36. Rxa6 Rc7 37. Bf1 Rb7 38. Qe3 Qd7 39. Rb6 Rxb6 40. Qxb6
Nc7 41. Bd3 Ke6 42. c4 bxc4 43. Bxc4+ Ke7 44. Rh1 Bg7 45. Rh7 Kf6 46. Bf7 f4
47. a3 Nb5 48. Qf2 Qf5+ 49. Ka2 Qg5 50. Qb6 1-0

[Event "4NCL Division Three Bishops"]
[Site "Telford, ENG"]
[Date "2023.11.18"]
[Round "1.35"]
[White "Green, Anthony J"]
[Black "Wong, Chun Hei"]
[Result "1/2-1/2"]
[WhiteElo "1913"]
[BlackElo "2076"]
[PlyCount "97"]
[EventDate "2023.11.18"]
[WhiteTeam "Warwickshire Select 2"]
[BlackTeam "Greater Woodpushers"]

1. d4 Nf6 2. c4 e6 3. Nc3 Bb4 4. e3 O-O 5. Bd3 d5 6. Nf3 c5 7. O-O cxd4 8. exd4
dxc4 9. Bxc4 Nc6 10. a3 Be7 11. Bg5 b6 12. Re1 Bb7 13. Ba2 Rc8 14. Qd3 Nd5 15.
Nxd5 Bxg5 16. Nc3 Bf6 17. Rad1 Ne7 18. Ne4 Nd5 19. Bxd5 Bxd5 20. Nxf6+ Qxf6 21.
Ne5 Rfd8 22. Ng4 Qg5 23. Ne3 Rc7 24. Qb5 Rcd7 25. Rc1 Qe7 26. Nf5 Qf8 27. Rc8
a6 28. Qxd7 Rxd7 29. Rxf8+ Kxf8 30. Ne3 Bb3 31. Rc1 Rxd4 32. Rc6 Rd2 33. Rxb6
Rxb2 34. h3 a5 35. a4 Rb1+ 36. Kh2 Bc2 37. Ra6 Bxa4 38. Rxa5 Bc6 39. Rc5 Bd7
40. Ng4 Rb5 41. Rc7 Ke7 42. Ra7 e5 43. Ne3 e4 44. g4 Ke6 45. Nf5 Rb2 46. Kg3 g6
47. Ne3 Re2 48. Ra6+ Ke5 49. Ra5+ 1/2-1/2

[Event "4NCL Division Three Bishops"]
[Site "Telford, ENG"]
[Date "2023.11.18"]
[Round "1.36"]
[White "Zhu, Yaoyao"]
[Black "Cundy, Mark A"]
[Result "1-0"]
[WhiteElo "2068"]
[BlackElo "1864"]
[PlyCount "73"]
[EventDate "2023.11.18"]
[WhiteTeam "Greater Woodpushers"]
[BlackTeam "Warwickshire Select 2"]

1. e4 c5 2. Nf3 Nc6 3. Bb5 g6 4. O-O Bg7 5. Re1 e5 6. c3 Nge7 7. d3 a6 8. Ba4
O-O 9. Be3 d6 10. h3 f5 11. Bb3+ Kh8 12. Ng5 Qe8 13. f4 h6 14. Ne6 Bxe6 15.
Bxe6 Rf6 16. exf5 Nxf5 17. Bxf5 Rxf5 18. Nd2 Qd7 19. fxe5 Rxe5 20. Nc4 Re6 21.
Nb6 Qe8 22. Nxa8 Rxe3 23. Nc7 Rxe1+ 24. Qxe1 Qf7 25. Qe8+ Qxe8 26. Nxe8 Be5 27.
Rf1 Kg8 28. Nf6+ Kg7 29. Nd5 b5 30. Nc7 b4 31. Nxa6 bxc3 32. bxc3 Bxc3 33. Nc7
Nb4 34. Ne8+ Kg8 35. Nxd6 Bd4+ 36. Kh1 Nxd3 37. Nc4 1-0

[Event "4NCL Division Three Bishops"]
[Site "Telford, ENG"]
[Date "2023.11.18"]
[Round "1.41"]
[White "Higgie, Charles L"]
[Black "Yu, Hongyi"]
[Result "0-1"]
[WhiteElo "1939"]
[BlackElo "2039"]
[PlyCount "80"]
[EventDate "2023.11.18"]
[WhiteTeam "Shropshire & Friends"]
[BlackTeam "Chessable White Rose 3"]

1. e4 d6 2. d4 Nf6 3. Nc3 g6 4. f3 Bg7 5. Be3 c6 6. Qd2 b5 7. Bd3 Qc7 8. Nge2
a6 9. Bh6 Bxh6 10. Qxh6 b4 11. Nd1 c5 12. Ne3 cxd4 13. Nxd4 Qa7 14. O-O-O Nbd7
15. Bc4 Ne5 16. Bd5 Bb7 17. Ne2 Bxd5 18. Nxd5 Nxd5 19. Rxd5 Nc4 20. Rd4 Rc8 21.
Qg7 Rf8 22. Qxh7 Qc5 23. Qh3 e6 24. Rd3 Nxb2 25. Rd2 Nd3+ 26. Kb1 Nf2 27. Qg3
Nxh1 28. Qe1 Nf2 29. Nf4 g5 30. Nh5 Rh8 31. Ng3 Rxh2 32. Rxf2 Qc3 33. Qd1 Qe5
34. Ne2 Kd7 35. Nd4 Rc4 36. Rd2 Qh8 37. Ne2 Rc6 38. Ng3 a5 39. Qg1 Rc7 40. Qb6
Qe5 0-1

[Event "4NCL Division Three Bishops"]
[Site "Telford, ENG"]
[Date "2023.11.18"]
[Round "1.42"]
[White "Edwards-Wright, Miles D"]
[Black "Taylor, Robert K"]
[Result "1-0"]
[WhiteElo "2062"]
[BlackElo "1930"]
[PlyCount "63"]
[EventDate "2023.11.18"]
[WhiteTeam "Chessable White Rose 3"]
[BlackTeam "Shropshire & Friends"]

1. e4 e5 2. Nf3 Nc6 3. Bc4 Nf6 4. d3 Be7 5. c3 O-O 6. Qe2 d6 7. h3 Be6 8. Nbd2
Qd7 9. Bb5 a6 10. Ba4 b5 11. Bc2 Rfd8 12. Ng5 Bf8 13. O-O Re8 14. f4 exf4 15.
Nxe6 fxe6 16. Rxf4 Ne5 17. Nf1 c6 18. Rf2 Kh8 19. d4 Nf7 20. e5 Ng8 21. Qe4 g6
22. h4 d5 23. Qf3 Nfh6 24. h5 Bg7 25. hxg6 Rf8 26. Qh5 Rxf2 27. Kxf2 Rf8+ 28.
Kg1 Qe8 29. g4 hxg6 30. Bxg6 Rxf1+ 31. Kxf1 Qf8+ 32. Kg2 1-0

[Event "4NCL Division Three Bishops"]
[Site "Telford, ENG"]
[Date "2023.11.18"]
[Round "1.43"]
[White "Pugh, Glyn D"]
[Black "Gostelow, Luke"]
[Result "1-0"]
[WhiteElo "1879"]
[BlackElo "2039"]
[PlyCount "75"]
[EventDate "2023.11.18"]
[WhiteTeam "Shropshire & Friends"]
[BlackTeam "Chessable White Rose 3"]

1. d4 Nf6 2. c4 e6 3. Nc3 Bb4 4. a3 Bxc3+ 5. bxc3 c5 6. f3 Qa5 7. Bd2 d5 8. e3
Qc7 9. Rc1 O-O 10. Bd3 b6 11. cxd5 exd5 12. Ne2 Qe7 13. a4 Ba6 14. Bxa6 Nxa6
15. O-O Nh5 16. g4 Nf6 17. Ng3 Rad8 18. Rf2 Nc7 19. Qc2 Ne6 20. h4 Qc7 21. Rg2
Ne8 22. f4 Rc8 23. f5 Nd8 24. Qd1 Nd6 25. f6 Ne6 26. Qf3 Nc4 27. fxg7 Nxg7 28.
Rf1 Rce8 29. Bc1 Kh8 30. h5 Re6 31. g5 Qc6 32. Rh2 Nd6 33. g6 hxg6 34. hxg6+
Kg8 35. Qh1 Ngf5 36. Rh8+ Kg7 37. Qh7+ Kf6 38. g7 1-0

[Event "4NCL Division Three Bishops"]
[Site "Telford, ENG"]
[Date "2023.11.18"]
[Round "1.44"]
[White "Eagleton, Greg T"]
[Black "Bryant, Richard B E"]
[Result "1/2-1/2"]
[WhiteElo "2024"]
[BlackElo "1841"]
[PlyCount "48"]
[EventDate "2023.11.18"]
[WhiteTeam "Chessable White Rose 3"]
[BlackTeam "Shropshire & Friends"]

1. c4 e5 2. Nc3 Nc6 3. g3 d6 4. Bg2 f5 5. d3 Nf6 6. Nf3 Be7 7. O-O O-O 8. Rb1
Qe8 9. Nd5 Bd8 10. b4 Ne7 11. Qb3 Nfxd5 12. cxd5 h6 13. Nxe5 dxe5 14. d6+ Kh8
15. dxe7 Bxe7 16. Qc3 Bd6 17. Bd2 Qe7 18. a4 Rb8 19. b5 f4 20. Rfe1 Qf7 21. Rf1
Qh5 22. Rbe1 Bh3 23. Qc4 b6 24. Bb4 Bxb4 1/2-1/2

[Event "4NCL Division Three Bishops"]
[Site "Telford, ENG"]
[Date "2023.11.18"]
[Round "1.45"]
[White "Bailey, Adrian"]
[Black "Arnott, Jonathan W"]
[Result "0-1"]
[WhiteElo "1781"]
[BlackElo "2099"]
[PlyCount "132"]
[EventDate "2023.11.18"]
[WhiteTeam "Shropshire & Friends"]
[BlackTeam "Chessable White Rose 3"]

1. e4 e6 2. d4 d5 3. e5 c5 4. c3 Nc6 5. Nf3 Bd7 6. Be2 f6 7. O-O fxe5 8. Nxe5
Nxe5 9. dxe5 Ne7 10. Bg5 Qb6 11. Qc2 O-O-O 12. Nd2 h6 13. Bh4 g5 14. Bg3 Nf5
15. Kh1 Bg7 16. Nf3 Qc7 17. Rfe1 Nxg3+ 18. hxg3 Bxe5 19. Bb5 Bd6 20. Bxd7+ Qxd7
21. Ne5 Qg7 22. Qg6 Qxg6 23. Nxg6 Rhe8 24. Ne5 Rf8 25. Kg1 Rf5 26. Nf3 Kd7 27.
Re2 g4 28. Ne1 e5 29. Rd1 d4 30. c4 a6 31. Re4 h5 32. Nd3 b5 33. b3 Ke6 34.
Rde1 Re8 35. Kf1 a5 36. Ke2 a4 37. f4 gxf3+ 38. gxf3 axb3 39. axb3 bxc4 40.
bxc4 Ra8 41. Kf2 Ra3 42. Rd1 Rc3 43. Ne1 Rxc4 44. g4 hxg4 45. Rxg4 Ra4 46. Rb1
Ra2+ 47. Kg1 c4 48. Rc1 Kd5 49. Rg2 Rxg2+ 50. Kxg2 d3 51. Rd1 Bc5 52. Nxd3 Rg5+
53. Kh3 cxd3 54. Rxd3+ Ke6 55. Rc3 Bf2 56. Ra3 Kf5 57. Ra4 Rg3+ 58. Kh2 Rxf3
59. Kg2 e4 60. Ra8 Kf4 61. Ra4 Bc5 62. Rc4 Rf2+ 63. Kh3 Bd6 64. Rc6 Be5 65. Rc8
Kf3 66. Rf8+ Bf4 0-1

[Event "4NCL Division Three Bishops"]
[Site "Telford, ENG"]
[Date "2023.11.18"]
[Round "1.46"]
[White "Mize, Dylan"]
[Black "Slegg, Gary"]
[Result "1/2-1/2"]
[WhiteElo "1951"]
[BlackElo "1603"]
[PlyCount "52"]
[EventDate "2023.11.18"]
[WhiteTeam "Chessable White Rose 3"]
[BlackTeam "Shropshire & Friends"]

1. d4 c5 2. d5 g6 3. e4 d6 4. Nf3 Bg7 5. Be2 Nf6 6. Nc3 O-O 7. O-O e6 8. Nd2
exd5 9. exd5 Nbd7 10. Nc4 Nb6 11. Ne3 Re8 12. Re1 Ne4 13. Nxe4 Rxe4 14. c3 Qe8
15. Bd2 Bd7 16. Bd3 Re5 17. Nc4 Rxe1+ 18. Qxe1 Nxc4 19. Bxc4 b5 20. Bd3 c4 21.
Bc2 Qe5 22. Qe4 Re8 23. Qf3 Qe2 24. Qxe2 Rxe2 25. Rd1 Bc8 26. Kf1 Re8 1/2-1/2

[Event "4NCL Division Three Bishops"]
[Site "Telford, ENG"]
[Date "2023.11.18"]
[Round "1.51"]
[White "Hazlehurst, Cory S"]
[Black "Pozimski, Szymon"]
[Result "1/2-1/2"]
[WhiteElo "2124"]
[BlackElo "2019"]
[PlyCount "147"]
[EventDate "2023.11.18"]
[WhiteTeam "The MASCeteers"]
[BlackTeam "Oxford 2"]

1. d4 d5 2. Nf3 a6 3. e3 Nf6 4. c4 e6 5. Nbd2 c5 6. cxd5 Qxd5 7. Bc4 Qd8 8.
dxc5 Bxc5 9. O-O Qe7 10. Nb3 Ba7 11. Qc2 O-O 12. Bd2 Bd7 13. Rac1 Nc6 14. Rfd1
Rac8 15. Qb1 b5 16. Bd3 h6 17. Bc3 Nd5 18. Be4 Nxc3 19. Rxc3 Nb8 20. Rdc1 Rxc3
21. Rxc3 f5 22. Bd3 Nc6 23. Qc1 Nb4 24. Bb1 Nd5 25. Rc2 b4 26. Ne5 Qd6 27. Nc6
Bb6 28. g3 Rc8 29. Nxb4 Nxb4 30. Rxc8+ Bxc8 31. Qxc8+ Kh7 32. Qc1 Qd5 33. Qd2
Qc4 34. Qc3 Qg4 35. Kg2 Nd5 36. Qd2 Qa4 37. Bxf5+ exf5 38. Qxd5 Qxa2 39. Qxf5+
Kh8 40. Qf8+ Kh7 41. Qa3 Qb1 42. Nd2 Qc2 43. Nf3 a5 44. Ne1 Qc6+ 45. Kg1 Bc7
46. Qd3+ Kh8 47. Qc2 Qb7 48. b3 Bd6 49. Ng2 Be5 50. Nh4 Bf6 51. Nf5 Qd7 52. e4
Qb7 53. Nd6 Qe7 54. Nc4 Qc5 55. Kg2 Bd4 56. f4 Kg8 57. Kf3 Kh8 58. e5 Qb4 59.
Nd6 Bc5 60. Ne4 Bd4 61. g4 Qe1 62. Qe2 Qb1 63. Nd2 Qh1+ 64. Kg3 Qg1+ 65. Kh3
Qc1 66. e6 Bf6 67. f5 Qc2 68. Kg2 Bg5 69. Kf1 Bxd2 70. e7 Qc1+ 71. Kf2 Qc5+ 72.
Kg3 Qc3+ 73. Kg2 Qc6+ 74. Kg3 1/2-1/2

[Event "4NCL Division Three Bishops"]
[Site "Telford, ENG"]
[Date "2023.11.18"]
[Round "1.52"]
[White "Murawski, Jan"]
[Black "Duncan, Patrick C M"]
[Result "0-1"]
[WhiteElo "2084"]
[BlackElo "2072"]
[PlyCount "96"]
[EventDate "2023.11.18"]
[WhiteTeam "Oxford 2"]
[BlackTeam "The MASCeteers"]

1. d4 Nf6 2. c4 e6 3. Nc3 Bb4 4. Nf3 c5 5. g3 cxd4 6. Nxd4 O-O 7. Bd2 Nc6 8.
Nc2 Bxc3 9. Bxc3 Ne4 10. Qd3 d5 11. cxd5 exd5 12. Rd1 Qb6 13. Ne3 Be6 14. Bg2
Rad8 15. O-O Nxf2 16. Kxf2 d4 17. Bd2 dxe3+ 18. Qxe3 Qxb2 19. Bc3 Qb5 20. Rb1
Qa6 21. Kg1 Rd7 22. Qg5 f6 23. Rxf6 Rxf6 24. Bxf6 Qxa2 25. Ra1 Qc2 26. Bxc6
bxc6 27. Bxg7 Rxg7 28. Qd8+ Kf7 29. Rf1+ Bf5 30. Qd7+ Kf6 31. Qd6+ Kf7 32. Qf4
Ke6 33. Qh6+ Rg6 34. Qe3+ Qe4 35. Qb3+ Qd5 36. Qe3+ Qe5 37. Qb3+ Ke7 38. Qb7+
Bd7 39. Qxa7 c5 40. Qa3 Re6 41. Rf2 Rf6 42. Qd3 Rxf2 43. Kxf2 Qf5+ 44. Ke3
Qxd3+ 45. exd3 Kd6 46. d4 c4 47. Kd2 Kd5 48. Kc3 Bh3 0-1

[Event "4NCL Division Three Bishops"]
[Site "Telford, ENG"]
[Date "2023.11.18"]
[Round "1.53"]
[White "Hurney, Kevin"]
[Black "Phan, Stefanus Kf"]
[Result "0-1"]
[WhiteElo "2035"]
[BlackElo "2007"]
[PlyCount "60"]
[EventDate "2023.11.18"]
[WhiteTeam "The MASCeteers"]
[BlackTeam "Oxford 2"]

1. e4 c6 2. b3 d5 3. Nc3 e5 4. Nf3 d4 5. Ne2 Bd6 6. Ng3 Ne7 7. Bc4 b5 8. Bd3
Nd7 9. a4 Nc5 10. Qe2 bxa4 11. bxa4 Nxd3+ 12. Qxd3 a5 13. Nh5 O-O 14. Ba3 Ng6
15. h3 Kh8 16. g4 Qe7 17. Bxd6 Qxd6 18. Qa3 Qxa3 19. Rxa3 Rb8 20. Ke2 c5 21. d3
Rb4 22. Nd2 Be6 23. Rc1 c4 24. c3 cxd3+ 25. Kxd3 dxc3 26. Rcxc3 Rd8+ 27. Ke3
Nf4 28. Nxf4 exf4+ 29. Ke2 Rb2 30. Rd3 Bc4 0-1

[Event "4NCL Division Three Bishops"]
[Site "Telford, ENG"]
[Date "2023.11.18"]
[Round "1.54"]
[White "Blinov, Roman"]
[Black "Isik, Muhammed Oguz"]
[Result "1-0"]
[WhiteElo "1958"]
[BlackElo "1873"]
[PlyCount "87"]
[EventDate "2023.11.18"]
[WhiteTeam "Oxford 2"]
[BlackTeam "The MASCeteers"]

1. d4 d5 2. Bf4 Nf6 3. e3 c5 4. Nf3 Nc6 5. Nbd2 Qb6 6. dxc5 Qxb2 7. Rb1 Qc3 8.
Bb5 Bg4 9. O-O Qxc5 10. c4 Rd8 11. Qa4 Bd7 12. Nb3 Qb4 13. Qxb4 Nxb4 14. Bxd7+
Nxd7 15. Nbd4 Nxa2 16. Nb5 f6 17. cxd5 a6 18. Nc7+ Kf7 19. Rxb7 Nc5 20. Ra7 Nc3
21. g4 Rd7 22. Ra8 Ne2+ 23. Kg2 Nxf4+ 24. exf4 Rxc7 25. Rc1 Rg8 26. Nd4 e5 27.
Ne6 Rd7 28. Nxc5 Rxd5 29. Ra7+ Kg6 30. f5+ Kh6 31. Ra8 g6 32. fxg6 Bxc5 33.
Rxg8 hxg6 34. h4 e4 35. Rc8 Bb6 36. R1c6 Bd8 37. Rxa6 Rd2 38. Re6 Rd4 39. Re8
Bb6 40. Re7 Bd8 41. Re8 Bb6 42. Rb8 Bc7 43. Rb7 Bd8 44. Rh8# 1-0

[Event "4NCL Division Three Bishops"]
[Site "Telford, ENG"]
[Date "2023.11.18"]
[Round "1.55"]
[White "Drugan, Mark A"]
[Black "Dickinson, Tim R"]
[Result "0-1"]
[WhiteElo "1752"]
[BlackElo "2042"]
[PlyCount "50"]
[EventDate "2023.11.18"]
[WhiteTeam "The MASCeteers"]
[BlackTeam "Oxford 2"]

1. e4 c6 2. d4 d5 3. f3 e6 4. Nc3 Bb4 5. Be3 Nf6 6. e5 Nfd7 7. Qd2 c5 8. f4
cxd4 9. Bxd4 Nc6 10. Nf3 Nc5 11. Bxc5 Bxc5 12. a3 a6 13. Bd3 Qc7 14. Na4 Ba7
15. b4 Bd7 16. Nc3 Nd4 17. Ne2 Nxe2 18. Kxe2 Rc8 19. Rhc1 Qb6 20. a4 O-O 21.
Kf1 f6 22. a5 Qe3 23. Re1 Qxd2 24. Nxd2 fxe5 25. Rxe5 Bd4 0-1

[Event "4NCL Division Three Bishops"]
[Site "Telford, ENG"]
[Date "2023.11.18"]
[Round "1.61"]
[White "Kanyamarala, Trisha"]
[Black "Madden, Paul"]
[Result "1-0"]
[WhiteElo "2181"]
[BlackElo "2125"]
[PlyCount "28"]
[EventDate "2023.11.18"]
[WhiteTeam "She Plays To Win Lionesses"]
[BlackTeam "Ashfield 1"]

1. d4 f5 2. Nf3 Nf6 3. g3 g6 4. Bg2 Bg7 5. O-O O-O 6. b3 c5 7. c3 Na6 8. Nbd2
Rb8 9. Bb2 b5 10. c4 bxc4 11. Nxc4 Bb7 12. Rc1 d6 13. dxc5 Nxc5 14. Bd4 Rc8 1-0

[Event "4NCL Division Three Bishops"]
[Site "Telford, ENG"]
[Date "2023.11.18"]
[Round "1.62"]
[White "Mossong, Hubert"]
[Black "Weersing, Abigail Riis"]
[Result "1-0"]
[WhiteElo "2046"]
[BlackElo "2090"]
[PlyCount "109"]
[EventDate "2023.11.18"]
[WhiteTeam "Ashfield 1"]
[BlackTeam "She Plays To Win Lionesses"]

1. e4 e6 2. d3 d5 3. Nd2 Nf6 4. Ngf3 c5 5. g3 Nc6 6. Bg2 Be7 7. O-O O-O 8. e5
Nd7 9. Re1 b5 10. h4 a5 11. Nf1 b4 12. N1h2 Ba6 13. Ng4 Qc7 14. Bf4 Rfc8 15.
Qc1 Nd4 16. Bg5 Qd8 17. Re3 Nf5 18. Bf1 c4 19. d4 c3 20. b3 Bxf1 21. Kxf1 Nxe3+
22. Qxe3 a4 23. Re1 axb3 24. axb3 Ra2 25. Re2 Bxg5 26. Nxg5 h6 27. Nf3 Qf8 28.
Kg2 Rca8 29. Qf4 Rb2 30. Ne3 Ra1 31. g4 f6 32. exf6 Nxf6 33. Qe5 Qf7 34. Qd6
Ne4 35. Qd8+ Qf8 36. Qd7 Qf7 37. Qc8+ Kh7 38. Ne5 Nd6 39. Qb8 Qe7 40. h5 Qh4
41. Nf3 Qh1+ 42. Kg3 Ne4+ 43. Kf4 Nd2 44. Rxd2 cxd2 45. Qe8 Ra8 46. Qxa8 d1=Q
47. Nxd1 Qxd1 48. g5 g6 49. Qb7+ Kg8 50. Qc8+ Kh7 51. Qd7+ Kh8 52. Qe8+ Kg7 53.
Qe7+ Kg8 54. hxg6 hxg5+ 55. Kg4 1-0